| 000 | 00691nam a2200229 a 4500 | ||
|---|---|---|---|
| 005 | 20210219153053.0 | ||
| 008 | 991125n 000 0 u | ||
| 035 | _aUPN01000075768 | ||
| 100 | _aSudweeks, Richard R. | ||
| 222 | _aJOURNAL OF RESEARCH IN SCIENCE TEACHING | ||
| 245 | _aEmpirical versus subjective procedures for identifying gender differences in science test items | ||
| 300 | _a3-19 | ||
| 362 | _a30, No. 1, 1993 | ||
| 505 | _aOctubre 1993 | ||
| 653 | 0 | _aCONSTRUCCION DE PRUEBAS | |
| 653 | 0 | _aEDUCACION CIENTIFICA | |
| 653 | 0 | _aPRUEBAS CIENTIFICAS | |
| 653 | 0 | _aTENDENCIAS SEXUALES | |
| 700 | _aTolman, Richard R. | ||
| 904 |
_aAC _b013579 |
||
| 905 | _aArticulo | ||
| 999 |
_c67663 _d67663 |
||